000 00850cam a2200265 a 4500
001 3519240
005 20180116092501.0
008 951128s1995 enkb b 001 0ceng d
010 _a 95227356
015 _aGB95-84671
020 _a0044409044 :
_c£15.99
035 _a(OCoLC)33406322
040 _aUk
_cUk
_dIDeKN
_dDLC
041 _aeng
042 _alccopycat
080 _a324.082 LIS
082 0 0 _a324.082 LIS
_221
100 1 _a19
101 _aPOL
245 1 0 _aWomen world leaders :
_cLaura A. Liswood.
504 _aIncludes bibliographical references and index.
906 _a7
_bcbc
_ccopycat
_d2
_encip
_f19
_gy-gencatlg
942 _2ddc
_cBK
999 _c40384
_d40384